Statistics for Countries with the most people in the year 800,000

Click here to take the quiz!

General Stats

  • This quiz has been taken 22 times
  • The average score is 16 of 20

Answer Stats

PopulationCountry% Correct
6.4 BillionBrazil
100%
9.3 BillionChina
100%
4.9 BillionIndia
100%
7 BillionRussia
100%
13.8 BillionUnited States
100%
1.7 BillionArgentina
91%
6.8 BillionAustralia
86%
12.7 BillionCanada
86%
4.9 BillionIndonesia
86%
4 BillionNigeria
86%
1.9 BillionPakistan
86%
2.8 BillionAlgeria
82%
2 BillionEgypt
82%
3 BillionD.R. Congo
77%
2.6 BillionKazakhstan
73%
2.9 BillionEthiopia
68%
3.2 BillionMongolia
68%
5.8 BillionSaudi Arabia
64%
2.6 BillionPhilippines
59%
1.8 BillionAngola
45%

Score Distribution

Percentile by Number Answered

Percent of People with Each Score

Your Score History

You have not taken this quiz